LEADER 01100nam a2200217 i 4500 001 000000225996 003 CaOOAMICUS 005 20140102000000.0 008 140102s1763 it u000 u lat u 013 $a204898 026 $asti- i-ra u-em etut (3) 1763 (R) 040 $aSeMil$bita 245 10$aTomus 12. 300 $aVIII, 667, [1] p. 500 $aSegn. : §4 A-4N4 4O6. 773 0 $aIoannes : Chrysostomus $tSancti patris Joannis Chrysostomi ... Opera omnia quae extant, vel quae ejus nomine circumferuntur ad Parisiensem editionem monachorum Ord. s. Benedicti castigata, innumeris aucta, nova interpretatione ubi opus erat, ... & copiosissimis indicibus locupletata. Tomus 1. [-13.].$dRoboreti : Francisci Pitteri bibliopolae Veneti ; Et Petri Antonii Berni bibliopolae Veronensis ; Sumptibus Francisci Marchesani typograpy, 1753-1764.$g12$w()9115 850 $aSeMil 852 $aSeMil$W1$xVenegono$y1$m2U V 12 FA$j176342$B176342$CSeMilBibl$Z2$F186891 $8I 941 1 $a10 961 $aRecupero: Mantegazza 996 $6245$aTomus 12$9(OLS)http://semarc/title/308146 LEADER 01176nam a2200265 i 4500 001 000000072235 003 CaOOAMICUS 005 20090225000000.0 008 090225s1969 it u000 u ita u 013 $a43407 040 $aSeMil$bita 100 1 $aBrena, Gian Luigi.$0(OLS)http://semarc/name/33920 245 13$aLa struttura della percezione :$bstudio su Merleau-Ponty /$cGian Luigi Brena. 260 $aMilano :$bVita e Pensiero,$c1969. 300 $aXI, 201 p. ;$c22 cm. 490 0 $aSaggi e ricerche. Ser. 3., Scienze filosofiche ;$v5 490 0 $aSaggi e ricerche 650 4$aMerleau-Ponty, Maurice.$0(OLS)http://semarc/subject/7105 650 4$aPercezione sensibile.$0(OLS)http://semarc/subject/11267 830 0$aSaggi e ricerche. Ser. 3., Scienze filosofiche ;$v5.$0(OLS)http://semarc/title/14058 830 0$aSaggi e ricerche.$0(OLS)http://semarc/title/11063 850 $aSeMil 852 $aSeMil$W1$xVenegono$y1$m2P V 464$j38388$B38388$CSeMilBibl$Z2$F38391 $81 996 $6245$aLa struttura della percezione :$bstudio su Merleau-Ponty$9(OLS)http://semarc/title/116400 996 $6260$aMilano :$bVita e Pensiero$9(OLS)http://semarc/publisher/29642